[Event "ITA-chT 48th"]
[Site "Civitanova Marche"]
[Date "2016.04.28"]
[Round "2.3"]
[White "Rombaldoni, Axel"]
[Black "Djuric, Stefan"]
[Result "1-0"]
[WhiteElo "2553"]
[BlackElo "2391"]
[PlyCount "105"]
[EventDate "2016.04.27"]
[EventType "team-swiss"]
[EventRounds "7"]
[EventCountry "ITA"]
[SourceTitle "CBM 172 Extra"]
[Source "ChessBase"]
[SourceDate "2016.06.21"]
[SourceVersion "1"]
[SourceVersionDate "2016.06.21"]
[SourceQuality "1"]
[WhiteTeam "Chieti Fischer"]
[BlackTeam "Fano 1988"]
[WhiteTeamCountry "ITA"]
[BlackTeamCountry "ITA"]

1. d4 Nf6 2. Bg5 e6 3. e4 h6 4. Bxf6 Qxf6 5. Nf3 Qd8 6. c4 d6 7. Nc3 Nd7 8. Qd2 Be7 9. 0-0-0 c6 10. Kb1 a6 11. e5 d5 12. h4 dxc4 13. Bxc4 Nb6 14. Bb3 a5 15. a3 Nd5 16. Qc2 a4 17. Nxa4 Qa5 18. Rc1 Ra6 19. Nd2 Qd8 20. Ne4 Nc7 21. Rhd1 0-0 22. h5 Kh8 23. Qd3 f5 24. exf6 gxf6 25. Nec5 Rxa4 26. Nxa4 f5 27. Qe3 Bg5 28. f4 Bf6 29. Nc3 Rg8 30. Rc2 Rg7 31. g3 Qg8 32. Rg2 b5 33. Na2 Bb7 34. Rgg1 Qd8 35. Rd2 Re7 36. Nb4 Nd5 37. Bxd5 exd5 38. Qc3 Qe8 39. Rgd1 Re4 40. Rd3 Re2 41. R1d2 Re1+ 42. Ka2 Re6 43. Qc2 Qxh5 44. Rh2 Qg6 45. Qc5 Bg7 46. Rc2 Qe8 47. Qa7 Re7 48. Qb6 Qa8 49. Nxc6 Re8 50. Ne5 b4 51. Rc7 Rxe5 52. Qxb7 b3+ 53. Rxb3 1-0

[Event "ITA-ch 75th"]
[Site "Milan"]
[Date "2015.12.09"]
[Round "9"]
[White "Basso, Pier Luigi"]
[Black "Rombaldoni, Axel"]
[Result "1/2-1/2"]
[WhiteElo "2435"]
[BlackElo "2539"]
[PlyCount "119"]
[EventDate "2015.11.30"]
[EventType "tourn"]
[EventRounds "11"]
[EventCountry "ITA"]
[EventCategory "10"]
[SourceTitle "CBM 169 Extra"]
[Source "ChessBase"]
[SourceDate "2015.12.18"]
[SourceVersion "1"]
[SourceVersionDate "2015.12.18"]
[SourceQuality "1"]

1. d4 e6 2. c4 Bb4+ 3. Bd2 c5 4. Bxb4 cxb4 5. Nf3 Nf6 6. g3 0-0 7. Bg2 d6 8. 0-0 Qc7 9. Qb3 a5 10. a3 Na6 11. axb4 Nxb4 12. Nc3 Bd7 13. Na2 Nc6 14. Nc3 Nb4 15. Na2 b5 16. Nd2 bxc4 17. Qxc4 Rac8 18. Qxc7 Rxc7 19. Nxb4 axb4 20. Rfc1 Rfc8 21. Rxc7 Rxc7 22. Ra8+ Ne8 23. Nf1 Kf8 24. Be4 Bb5 25. Bf3 Rc2 26. Rb8 Bxe2 27. Bxe2 Rxe2 28. Rxb4 d5 29. Ne3 Re1+ 30. Kg2 Nd6 31. Rb8+ Ke7 32. Ra8 Nb5 33. Ra4 f5 34. h4 h6 35. h5 Rb1 36. Rb4 Nd6 37. Rb8 Rc1 38. f3 Nc4 39. Kf2 Nd6 40. Kg2 Nc4 41. Kf2 Kd6 42. Nxc4+ dxc4 43. Rc8 Rh1 44. Rxc4 Rh2+ 45. Ke3 Rxh5 46. Ra4 Rh3 47. Ra6+ Ke7 48. Ra7+ Kf6 49. Ra6 Ke7 50. Ra7+ Kf6 51. Ra6 Rxg3 52. d5 Rg2 53. Rxe6+ Kf7 54. Rb6 h5 55. Kf4 g6 56. Rb7+ Kf6 57. Rb6+ Kf7 58. Rb7+ Kf6 59. Rb6+ Kg7 60. Rb7+ 1/2-1/2

[Event "ITA-ch 75th"]
[Site "Milan"]
[Date "2015.12.05"]
[Round "6"]
[White "Valsecchi, Alessio"]
[Black "Rombaldoni, Axel"]
[Result "0-1"]
[WhiteElo "2466"]
[BlackElo "2539"]
[PlyCount "98"]
[EventDate "2015.11.30"]
[EventType "tourn"]
[EventRounds "11"]
[EventCountry "ITA"]
[EventCategory "10"]
[SourceTitle "CBM 169 Extra"]
[Source "ChessBase"]
[SourceDate "2015.12.18"]
[SourceVersion "1"]
[SourceVersionDate "2015.12.18"]
[SourceQuality "1"]

1. Nf3 Nf6 2. c4 g6 3. g3 Bg7 4. Bg2 0-0 5. d4 d6 6. Nc3 Nc6 7. 0-0 a6 8. h3 Rb8 9. d5 Na5 10. Qd3 c5 11. Bd2 b5 12. b3 bxc4 13. bxc4 Rb4 14. a3 Rb3 15. Qc2 Rb7 16. Qa2 Ne4 17. Rac1 Nxd2 18. Nxd2 Bd7 19. Qc2 Qc7 20. Rb1 Rfb8 21. Kh2 f5 22. e3 Qc8 23. Rfc1 Qf8 24. Bf1 Qf6 25. Bd3 Kf8 26. Kg2 Ke8 27. Nd1 Kd8 28. Rxb7 Rxb7 29. Rb1 Rxb1 30. Nxb1 e5 31. Qc3 Nb7 32. e4 h5 33. Nd2 f4 34. Be2 fxg3 35. fxg3 h4 36. Bg4 Bxg4 37. hxg4 Bh6 38. Nb3 h3+ 39. Kh2 Qf1 40. Qc2 Ke7 41. Nc3 Qxc4 42. Nd2 Bxd2 43. Qxd2 Qf1 44. Nd1 Qf3 45. Ne3 Qxe4 46. Qe1 Nd8 47. Kxh3 Nf7 48. Kh2 Ng5 49. Qf2 Qf3 0-1

[Event "EU-chT (Men) 20th"]
[Site "Reykjavik"]
[Date "2015.11.22"]
[Round "9.4"]
[White "Rombaldoni, Axel"]
[Black "Kozul, Zdenko"]
[Result "1-0"]
[WhiteElo "2539"]
[BlackElo "2617"]
[PlyCount "115"]
[EventDate "2015.11.13"]
[EventType "team-swiss"]
[EventRounds "9"]
[EventCountry "ISL"]
[SourceTitle "CBM 170"]
[Source "ChessBase"]
[SourceDate "2016.01.15"]
[SourceVersion "1"]
[SourceVersionDate "2016.01.15"]
[SourceQuality "1"]
[WhiteTeam "Italy"]
[BlackTeam "Croatia"]
[WhiteTeamCountry "ITA"]
[BlackTeamCountry "CRO"]

1. d4 Nf6 2. c4 g6 3. Nc3 Bg7 4. e4 d6 5. Be2 0-0 6. Nf3 c6 7. 0-0 e5 8. Be3 exd4 9. Nxd4 Re8 10. f3 d5 11. cxd5 Nxd5 12. Nxd5 cxd5 13. Qb3 Nc6 14. Rad1 Nxd4 15. Bxd4 Bxd4+ 16. Rxd4 Qf6 17. Rd2 Qf4 18. Qc3 Be6 19. g3 Qh6 20. e5 d4 21. Rxd4 Rac8 22. Qd2 Qf8 23. f4 Qc5 24. Kg2 Bxa2 25. Bf3 b5 26. Ra1 Be6 27. b4 Qc7 28. g4 Qe7 29. Ra6 Rc7 30. Rad6 Rec8 31. Rd8+ Kg7 32. Rxc8 Rxc8 33. Kg3 Qc7 34. Rd6 Qc3 35. Qxc3 Rxc3 36. Kf2 Rc4 37. Ke3 Rxb4 38. h3 Rb3+ 39. Kf2 a5 40. Be4 a4 41. f5 gxf5 42. gxf5 Bc4 43. h4 Rh3 44. Bg2 Rxh4 45. Kg3 Rh5 46. Kg4 Be2+ 47. Kf4 Rh4+ 48. Ke3 Bc4 49. Ra6 h5 50. Bf3 Bb3 51. Be4 b4 52. Ra8 Rxe4+ 53. Kxe4 Bc2+ 54. Kf4 b3 55. f6+ Kh7 56. e6 b2 57. Rh8+ Kg6 58. Rh6+ 1-0

[Event "EU-chT (Men) 20th"]
[Site "Reykjavik"]
[Date "2015.11.19"]
[Round "6.3"]
[White "Rombaldoni, Axel"]
[Black "Salgado Lopez, Ivan"]
[Result "1-0"]
[WhiteElo "2539"]
[BlackElo "2615"]
[PlyCount "101"]
[EventDate "2015.11.13"]
[EventType "team-swiss"]
[EventRounds "9"]
[EventCountry "ISL"]
[SourceTitle "CBM 170"]
[Source "ChessBase"]
[SourceDate "2016.01.15"]
[SourceVersion "1"]
[SourceVersionDate "2016.01.15"]
[SourceQuality "1"]
[WhiteTeam "Italy"]
[BlackTeam "Spain"]
[WhiteTeamCountry "ITA"]
[BlackTeamCountry "ESP"]

1. d4 Nf6 2. c4 d6 3. Nc3 e5 4. e3 c6 5. Bd3 Be7 6. Nf3 Qc7 7. h3 0-0 8. g4 exd4 9. Nxd4 Re8 10. g5 Nfd7 11. f4 Nf8 12. Bd2 Na6 13. Qf3 Nb4 14. Bb1 Qb6 15. Na4 Qa6 16. b3 c5 17. Nb5 Bd8 18. a3 Nc6 19. 0-0 Ne7 20. Nac3 Bd7 21. Be4 Rb8 22. a4 Ba5 23. Rad1 Qb6 24. Be1 Red8 25. f5 d5 26. Nxd5 Nxd5 27. Bxa5 Qxa5 28. Bxd5 Bc6 29. e4 a6 30. Nc3 Qc7 31. Qf4 Qxf4 32. Rxf4 Nd7 33. g6 Ne5 34. gxf7+ Kf8 35. Kf2 Rd6 36. Ke3 Rh6 37. h4 Rd8 38. Rg1 Rdd6 39. Rg5 Nxf7 40. Bxf7 Kxf7 41. e5 Rd4 42. h5 Be8 43. Nd5 Kf8 44. f6 gxf6 45. Nxf6 Rxf4 46. Kxf4 Bf7 47. Kf5 Ke7 48. Rg7 Kf8 49. Rxf7+ Kxf7 50. Kg5 Rxf6 51. exf6 1-0

[Event "EU-chT (Men) 20th"]
[Site "Reykjavik"]
[Date "2015.11.16"]
[Round "4.3"]
[White "Danielsen, Henrik"]
[Black "Rombaldoni, Axel"]
[Result "1/2-1/2"]
[WhiteElo "2500"]
[BlackElo "2539"]
[PlyCount "268"]
[EventDate "2015.11.13"]
[EventType "team-swiss"]
[EventRounds "9"]
[EventCountry "ISL"]
[SourceTitle "CBM 170"]
[Source "ChessBase"]
[SourceDate "2016.01.15"]
[SourceVersion "1"]
[SourceVersionDate "2016.01.15"]
[SourceQuality "1"]
[WhiteTeam "Iceland"]
[BlackTeam "Italy"]
[WhiteTeamCountry "ISL"]
[BlackTeamCountry "ITA"]

1. d4 e6 2. c4 Bb4+ 3. Bd2 Qe7 4. g3 Nc6 5. Nf3 Nf6 6. Nc3 0-0 7. Bg2 Bxc3 8. Bxc3 Ne4 9. Qc2 Nxc3 10. Qxc3 d6 11. b4 e5 12. d5 Nd8 13. 0-0 f5 14. c5 Nf7 15. Rfc1 Bd7 16. a4 Rfd8 17. b5 b6 18. c6 Be8 19. a5 Rac8 20. e4 Nh6 21. Bh3 Qf6 22. Nh4 fxe4 23. axb6 axb6 24. Bxc8 Rxc8 25. f4 exf3 26. Qxf3 Qxf3 27. Nxf3 Bf7 28. Rd1 Bh5 29. Rf1 Ng4 30. Rfe1 Nf6 31. Nxe5 dxe5 32. Rxe5 Bf7 33. d6 cxd6 34. Re7 Bc4 35. Rb7 Bxb5 36. Rxb6 Bc4 37. Ra7 Kf8 38. Rbb7 Ne8 39. c7 Ke7 40. Rb8 Be6 41. Raa8 Rxc7 42. Rxe8+ Kf6 43. Ra1 Kf7 44. Rd8 Ke7 45. Rda8 Rc2 46. Re1 Rc7 47. Ra3 Rc6 48. Ra7+ Kf6 49. Rf1+ Kg6 50. Rfa1 Rc2 51. Re1 Kf6 52. Rf1+ Kg6 53. Rd1 Rc6 54. Rb1 Kf6 55. Rf1+ Kg6 56. h4 Rc3 57. Re1 Kf6 58. Kf2 h5 59. Re3 Rc2+ 60. Re2 Rc6 61. Ra3 g6 62. Ke3 Rb6 63. Kf4 Rb1 64. Rd2 Rb4+ 65. Ke3 Rb6 66. Ra8 Bf5 67. Ra5 Rb3+ 68. Kf2 Rb6 69. Rad5 Ke6 70. Ke3 Ke7 71. Kf4 Be6 72. R5d4 Bf5 73. Kg5 Rb3 74. Re2+ Kd7 75. Kf4 Bg4 76. Red2 Rf3+ 77. Kg5 Bf5 78. Rxd6+ Ke7 79. R6d4 Rxg3+ 80. Kh6 Kf7 81. Rb2 Re3 82. Rb6 Re6 83. Rd7+ Kf6 84. Rxe6+ Kxe6 85. Rd2 Ke5 86. Kg5 Ke4 87. Rf2 Ke3 88. Rf4 Be4 89. Rf8 Bf5 90. Rb8 Kf3 91. Rb3+ Ke4 92. Ra3 Ke5 93. Re3+ Kd5 94. Kf4 Kd6 95. Kg5 Kd5 96. Kf6 Kd4 97. Re5 Be4 98. Ra5 Bf5 99. Ra4+ Ke3 100. Rb4 Kf3 101. Kg5 Ke3 102. Rf4 Be4 103. Rf1 Bf5 104. Re1+ Kf3 105. Re5 Be4 106. Ra5 Bf5 107. Ra3+ Ke4 108. Rg3 Ke5 109. Re3+ Kd5 110. Kf4 Kd6 111. Re5 Bc2 112. Ra5 Bf5 113. Ke3 Ke6 114. Kd4 Bg4 115. Rb5 Bh3 116. Re5+ Kf6 117. Ke4 Bf5+ 118. Kf4 Bc2 119. Rc5 Bf5 120. Rc6+ Ke7 121. Ke5 Kd7 122. Rd6+ Kc7 123. Kd5 Kb7 124. Kc5 Kc7 125. Rd4 Bc2 126. Kd5 Bf5 127. Ra4 Kb6 128. Rc4 Kb5 129. Rc3 Kb4 130. Rc7 Bg4 131. Ke5 Bf5 132. Kf6 Kb5 133. Kg5 Kb6 134. Rf7 Bd3 1/2-1/2

[Event "EU-chT (Men) 20th"]
[Site "Reykjavik"]
[Date "2015.11.15"]
[Round "3.3"]
[White "Rombaldoni, Axel"]
[Black "Kosic, Dragan"]
[Result "1/2-1/2"]
[WhiteElo "2539"]
[BlackElo "2470"]
[PlyCount "179"]
[EventDate "2015.11.13"]
[EventType "team-swiss"]
[EventRounds "9"]
[EventCountry "ISL"]
[SourceTitle "CBM 170"]
[Source "ChessBase"]
[SourceDate "2016.01.15"]
[SourceVersion "1"]
[SourceVersionDate "2016.01.15"]
[SourceQuality "1"]
[WhiteTeam "Italy"]
[BlackTeam "Montenegro"]
[WhiteTeamCountry "ITA"]
[BlackTeamCountry "MNE"]

1. e4 e6 2. d4 d5 3. e5 c5 4. c3 Nc6 5. Nf3 Bd7 6. Be2 Nge7 7. 0-0 Ng6 8. g3 Be7 9. h4 cxd4 10. cxd4 0-0 11. h5 Nh8 12. Nc3 f6 13. exf6 Bxf6 14. Bf4 Be8 15. Ne5 Nxe5 16. dxe5 Bg5 17. Bxg5 Qxg5 18. Bg4 Qe7 19. Ne2 Nf7 20. Nf4 Bd7 21. Re1 Ng5 22. Qd4 a6 23. Rac1 Rac8 24. a3 Rc6 25. Rxc6 Bxc6 26. Rc1 Qd7 27. f3 Qf7 28. Kg2 Qe7 29. Rc3 Rd8 30. Kf2 Qe8 31. Rc2 Rc8 32. Qb6 Qd7 33. Rd2 h6 34. Qb4 Rd8 35. Rd4 Re8 36. Ng6 Qd8 37. Qc5 Nf7 38. f4 Qd7 39. Rd2 Nh8 40. Nh4 Nf7 41. Nf3 Nd8 42. Nd4 Qf7 43. Qc2 Bd7 44. Qc7 Nc6 45. Nxc6 bxc6 46. b4 Ra8 47. Be2 Be8 48. Qb6 Qa7 49. Qxa7 Rxa7 50. a4 a5 51. b5 cxb5 52. axb5 Rb7 53. Ra2 Bxb5 54. Rxa5 Bxe2 55. Kxe2 Kf7 56. Ra6 Rc7 57. Kf3 Rc3+ 58. Kg4 Rc7 59. Rd6 Rb7 60. Rc6 Ra7 61. Rb6 Rc7 62. Ra6 Rb7 63. Rc6 Ra7 64. Rb6 Rc7 65. Kh4 Ra7 66. Rb4 Rd7 67. Rd4 Rc7 68. Rb4 Rd7 69. Kg4 Rc7 70. Ra4 Ke7 71. Ra3 Kf7 72. Kf3 Rb7 73. Ke3 g6 74. hxg6+ Kxg6 75. g4 Rb6 76. Ra7 Rb3+ 77. Kf2 h5 78. Ra6 hxg4 79. Rxe6+ Kf5 80. Rf6+ Ke4 81. e6 Rb8 82. Kg3 d4 83. Rf7 d3 84. Rd7 Kf5 85. e7 Re8 86. Rd5+ Ke4 87. Rd7 Kf5 88. Rxd3 Rxe7 89. Rd5+ Kf6 90. Kxg4 1/2-1/2

[Event "EU-chT (Men) 20th"]
[Site "Reykjavik"]
[Date "2015.11.14"]
[Round "2.4"]
[White "Rombaldoni, Axel"]
[Black "Miezis, Normunds"]
[Result "1-0"]
[WhiteElo "2539"]
[BlackElo "2496"]
[PlyCount "155"]
[EventDate "2015.11.13"]
[EventType "team-swiss"]
[EventRounds "9"]
[EventCountry "ISL"]
[SourceTitle "CBM 170"]
[Source "ChessBase"]
[SourceDate "2016.01.15"]
[SourceVersion "1"]
[SourceVersionDate "2016.01.15"]
[SourceQuality "1"]
[WhiteTeam "Italy"]
[BlackTeam "Latvia"]
[WhiteTeamCountry "ITA"]
[BlackTeamCountry "LAT"]

1. e4 c5 2. Nf3 e6 3. d4 cxd4 4. Nxd4 a6 5. Bd3 Nc6 6. Nxc6 dxc6 7. Nd2 Qc7 8. Qf3 Ne7 9. Nc4 Ng6 10. Qg3 e5 11. Be3 b5 12. Nb6 Rb8 13. Nxc8 Rxc8 14. a4 Be7 15. axb5 axb5 16. Ra7 Qd6 17. 0-0 0-0 18. Qh3 Qb4 19. Rb1 Rcd8 20. g3 h6 21. Qg4 Bc5 22. c3 Bxe3 23. cxb4 Bxa7 24. Be2 Rd2 25. Kf1 Rfd8 26. Qf3 Nf8 27. Qa3 Bd4 28. Ke1 Rc2 29. Qb3 Bxf2+ 30. Kxf2 Rdd2 31. Qe3 Ne6 32. Ke1 Rxe2+ 33. Qxe2 Rxe2+ 34. Kxe2 Nd4+ 35. Kd3 g6 36. Ra1 Kg7 37. Ra7 Kf6 38. h4 h5 39. Rd7 Ke6 40. Rc7 Kf6 41. Rd7 Ke6 42. Rd8 Nf3 43. Re8+ Kd7 44. Ra8 Ke6 45. Ra6 Nd4 46. Ra1 Nf3 47. Ra7 Nd4 48. Rc7 Kf6 49. Ke3 Ke6 50. Kf2 f5 51. Ke3 Kf6 52. Kd3 Ke6 53. Rc8 Kf6 54. Rd8 Ke6 55. Rh8 Kf6 56. Rc8 Kf7 57. exf5 gxf5 58. Rh8 Kg6 59. Rd8 Ne6 60. Rd6 Kf6 61. Rxc6 e4+ 62. Ke3 Ke5 63. Rc8 f4+ 64. gxf4+ Nxf4 65. Re8+ Ne6 66. Rxe6+ Kxe6 67. Kxe4 Kd6 68. Kf5 Kd5 69. Kg5 Kc4 70. Kxh5 Kxb4 71. Kg5 Kb3 72. h5 b4 73. h6 Kxb2 74. h7 b3 75. h8Q+ Ka2 76. Qa8+ Kb1 77. Qe4+ Ka1 78. Qa4+ 1-0

[Event "Las Vegas Millionaire op"]
[Site "Las Vegas"]
[Date "2015.10.10"]
[Round "6"]
[White "Zherebukh, Yaroslav"]
[Black "Rombaldoni, Axel"]
[Result "0-1"]
[WhiteElo "2637"]
[BlackElo "2528"]
[PlyCount "106"]
[EventDate "2015.10.08"]
[EventType "swiss"]
[EventRounds "9"]
[EventCountry "USA"]
[SourceTitle "CBM 168 Extra"]
[Source "ChessBase"]
[SourceDate "2015.10.29"]
[SourceVersion "1"]
[SourceVersionDate "2015.10.29"]
[SourceQuality "1"]

1. e4 e6 2. d4 d5 3. e5 c5 4. c3 Qb6 5. Nf3 Nc6 6. a3 Nge7 7. b4 cxd4 8. cxd4 Nf5 9. Be3 f6 10. exf6 gxf6 11. Bd3 Nxe3 12. fxe3 Bh6 13. 0-0 0-0 14. Qe1 Ne7 15. Nc3 Kh8 16. Qh4 Ng8 17. e4 dxe4 18. Nxe4 f5 19. Nc5 Qd6 20. Bc4 b6 21. Nd3 Bb7 22. Nde5 Rac8 23. Rad1 Bd5 24. Bxd5 Qxd5 25. Rfe1 Rc7 26. Re2 Rg7 27. Kh1 Qb3 28. Rd3 Qb1+ 29. Re1 Qc2 30. Rg1 Qe2 31. Rdd1 Qe4 32. Qh3 Bf4 33. Rge1 Qc2 34. Nd3 Be3 35. Nh4 Bg5 36. Nf3 Be3 37. b5 Nf6 38. Nb4 Qa4 39. Ne5 Bf4 40. Qf3 Bxe5 41. Rxe5 Rfg8 42. Rg1 Ne4 43. g3 Ng5 44. Qc3 f4 45. d5 Nh3 46. Rge1 fxg3 47. hxg3 Nf2+ 48. Kg2 Nd1 49. Qf3 Rxg3+ 50. Qxg3 Rxg3+ 51. Kxg3 Qxa3+ 52. Kh4 Qxb4+ 53. R1e4 Qe7+ 0-1

[Event "Las Vegas Millionaire op"]
[Site "Las Vegas"]
[Date "2015.10.08"]
[Round "2"]
[White "Krishnan, Varun"]
[Black "Rombaldoni, Axel"]
[Result "0-1"]
[WhiteElo "2346"]
[BlackElo "2528"]
[PlyCount "64"]
[EventDate "2015.10.08"]
[EventType "swiss"]
[EventRounds "9"]
[EventCountry "USA"]
[SourceTitle "CBM 168 Extra"]
[Source "ChessBase"]
[SourceDate "2015.10.29"]
[SourceVersion "1"]
[SourceVersionDate "2015.10.29"]
[SourceQuality "1"]

1. e4 c5 2. Nf3 d6 3. d4 cxd4 4. Nxd4 Nf6 5. Nc3 Bd7 6. Be3 Ng4 7. Bc1 Nf6 8. Bg5 e6 9. Qd2 a6 10. 0-0-0 h6 11. Bh4 Nxe4 12. Qf4 Nf6 13. Ne4 Nd5 14. Bxd8 Nxf4 15. Bc7 d5 16. Bxf4 dxe4 17. Re1 f5 18. Bc4 Ke7 19. g4 Kf6 20. h4 Bc5 21. g5+ Ke7 22. Be5 hxg5 23. hxg5 Nc6 24. Nxc6+ Bxc6 25. Rxh8 Rxh8 26. Bxg7 Bxf2 27. Rd1 Be3+ 28. Kb1 Rh5 29. Bf6+ Kf7 30. Re1 Bxg5 31. Be2 Kxf6 32. Bxh5 f4 0-1

[Event "Vienna op"]
[Site "Vienna"]
[Date "2015.08.23"]
[Round "9"]
[White "Rambaldi, Francesco"]
[Black "Rombaldoni, Axel"]
[Result "1/2-1/2"]
[WhiteElo "2517"]
[BlackElo "2515"]
[PlyCount "56"]
[EventDate "2015.08.15"]
[EventType "swiss"]
[EventRounds "9"]
[EventCountry "AUT"]
[SourceTitle "EXT 2016"]
[Source "ChessBase"]
[SourceDate "2015.10.08"]
[SourceVersion "1"]
[SourceVersionDate "2015.10.08"]
[SourceQuality "1"]

1. d4 Nf6 2. c4 g6 3. Nc3 d5 4. cxd5 Nxd5 5. e4 Nxc3 6. bxc3 Bg7 7. Nf3 c5 8. Be3 0-0 9. Be2 b6 10. Rc1 Qc7 11. 0-0 Nd7 12. d5 Nf6 13. Nd2 c4 14. Bd4 Bh6 15. d6 Qd8 16. e5 Ne8 17. dxe7 Qxe7 18. f4 Ng7 19. Nxc4 Nf5 20. g4 Nxd4 21. cxd4 Rd8 22. Nd6 Rxd6 23. exd6 Qxd6 24. Bf3 Rb8 25. g5 Bg7 26. Qd2 Qxd4+ 27. Qxd4 Bxd4+ 28. Kg2 Be6 1/2-1/2

[Event "Vienna op"]
[Site "Vienna"]
[Date "2015.08.22"]
[Round "8"]
[White "Rombaldoni, Axel"]
[Black "Hawkins, Jonathan J"]
[Result "1-0"]
[WhiteElo "2515"]
[BlackElo "2554"]
[PlyCount "53"]
[EventDate "2015.08.15"]
[EventType "swiss"]
[EventRounds "9"]
[EventCountry "AUT"]
[SourceTitle "EXT 2016"]
[Source "ChessBase"]
[SourceDate "2015.10.08"]
[SourceVersion "1"]
[SourceVersionDate "2015.10.08"]
[SourceQuality "1"]

1. d4 d5 2. c4 e6 3. Nf3 Nf6 4. g3 dxc4 5. Bg2 Bb4+ 6. Bd2 a5 7. 0-0 Nc6 8. e3 0-0 9. Qc2 Bd6 10. Qxc4 e5 11. Nc3 Bf5 12. Nh4 Bd7 13. d5 Ne7 14. Rfd1 c6 15. dxc6 Nxc6 16. Nb5 Be7 17. Bc3 Qb8 18. Rxd7 Nxd7 19. Nf5 Bb4 20. Bxb4 axb4 21. Rd1 Nb6 22. Qg4 g6 23. Nbd6 Rxa2 24. Bxc6 bxc6 25. Ne7+ Kh8 26. Qh4 Nd7 27. Ne4 1-0

[Event "Vienna op"]
[Site "Vienna"]
[Date "2015.08.19"]
[Round "5"]
[White "Theissl Pokorna, Regina"]
[Black "Rombaldoni, Axel"]
[Result "0-1"]
[WhiteElo "2362"]
[BlackElo "2515"]
[PlyCount "76"]
[EventDate "2015.08.15"]
[EventType "swiss"]
[EventRounds "9"]
[EventCountry "AUT"]
[SourceTitle "EXT 2016"]
[Source "ChessBase"]
[SourceDate "2015.10.08"]
[SourceVersion "1"]
[SourceVersionDate "2015.10.08"]
[SourceQuality "1"]

1. e4 c5 2. Nf3 Nc6 3. Nc3 d6 4. d4 cxd4 5. Nxd4 e5 6. Nf3 h6 7. Bc4 Nf6 8. 0-0 Be7 9. Re1 0-0 10. h3 Be6 11. Nd5 Rc8 12. b3 Bxd5 13. exd5 Nb4 14. a3 Nxc2 15. Qxc2 b5 16. Qe2 bxc4 17. bxc4 Qc7 18. Nd2 Nd7 19. a4 f5 20. Ba3 Nc5 21. Bxc5 Qxc5 22. Rab1 Bg5 23. Rb7 Qa5 24. Nb3 Qc3 25. h4 Bf4 26. g3 Rxc4 27. Rd1 Re4 28. Qd3 Qxd3 29. Rxd3 Re1+ 30. Kg2 e4 31. Rc3 Be5 32. Rcc7 f4 33. gxf4 Rxf4 34. Rc1 Re2 35. Rf1 e3 36. Rxa7 Rfxf2+ 37. Rxf2 Rxf2+ 38. Kg1 Bh2+ 0-1

[Event "Bergamo op 14th"]
[Site "Bergamo"]
[Date "2015.07.19"]
[Round "6"]
[White "Rombaldoni, Axel"]
[Black "Spornberger, Andre"]
[Result "1-0"]
[WhiteElo "2518"]
[BlackElo "2196"]
[PlyCount "117"]
[EventDate "2015.07.17"]
[EventType "swiss"]
[EventRounds "6"]
[EventCountry "ITA"]
[SourceTitle "CBM 167 Extra"]
[Source "ChessBase"]
[SourceDate "2015.09.14"]
[SourceVersion "1"]
[SourceVersionDate "2015.09.14"]
[SourceQuality "1"]

1. d4 e6 2. c4 f5 3. g3 Nf6 4. Bg2 d5 5. Nd2 c6 6. Ngf3 Bd6 7. 0-0 0-0 8. Ne5 Nbd7 9. Ndf3 Be7 10. Qc2 Nxe5 11. Nxe5 Nd7 12. Nd3 Bd6 13. Rd1 Qe7 14. Bf4 Nf6 15. e3 Bd7 16. c5 Bb8 17. b4 h6 18. Rab1 g5 19. Be5 Be8 20. a4 a6 21. Re1 Nh5 22. Bf3 f4 23. exf4 gxf4 24. Bxh5 Bxh5 25. Nxf4 Rxf4 26. gxf4 Bxe5 27. Rxe5 Qg7+ 28. Kf1 Bg6 29. Qb3 Bxb1 30. Qxb1 Kf7 31. f5 Rg8 32. fxe6+ Ke7 33. Qf5 Qg1+ 34. Ke2 Rg7 35. Re3 Qc1 36. Qd3 Qb2+ 37. Qd2 Qxd2+ 38. Kxd2 Rg2 39. Ke2 Rxh2 40. Rg3 Rh4 41. Rg7+ Kxe6 42. Ke3 Re4+ 43. Kd3 Rf4 44. Rxb7 Rxf2 45. Rc7 Rf3+ 46. Kd2 Rf2+ 47. Ke3 Rb2 48. Kf4 Rf2+ 49. Ke3 Rb2 50. Rxc6+ Kf5 51. Rxh6 Rb3+ 52. Kd2 Rxb4 53. Kc3 Rxa4 54. Rh5+ Ke6 55. Re5+ Kd7 56. Rxd5+ Kc7 57. Rh5 Ra1 58. Kc4 Rg1 59. Rh7+ 1-0

[Event "Bergamo op 14th"]
[Site "Bergamo"]
[Date "2015.07.17"]
[Round "2"]
[White "Bonade, Massimo"]
[Black "Rombaldoni, Axel"]
[Result "0-1"]
[WhiteElo "2111"]
[BlackElo "2518"]
[PlyCount "64"]
[EventDate "2015.07.17"]
[EventType "swiss"]
[EventRounds "6"]
[EventCountry "ITA"]
[SourceTitle "CBM 167 Extra"]
[Source "ChessBase"]
[SourceDate "2015.09.14"]
[SourceVersion "1"]
[SourceVersionDate "2015.09.14"]
[SourceQuality "1"]

1. e4 c5 2. Nf3 d6 3. d4 cxd4 4. Nxd4 Nf6 5. Nc3 Bd7 6. Bg5 e6 7. Qd2 a6 8. f3 b5 9. a4 b4 10. Nce2 e5 11. Nf5 Bxf5 12. exf5 d5 13. 0-0-0 Nbd7 14. f4 e4 15. Nd4 Qc7 16. Kb1 Bd6 17. g3 0-0 18. Be2 Rfc8 19. Bxf6 Nxf6 20. h4 h5 21. Rc1 Qa5 22. Qd1 Qxa4 23. Bxh5 Bc5 24. Be2 b3 25. Nxb3 Be3 26. h5 d4 27. h6 Qxb3 28. cxb3 Rxc1+ 29. Qxc1 Bxc1 30. hxg7 Kxg7 31. Rxc1 d3 32. Bf1 Rd8 0-1

[Event "Porto Mannu op 7th"]
[Site "Porto Mannu"]
[Date "2015.06.11"]
[Round "7"]
[White "Rombaldoni, Axel"]
[Black "Petursson, Margeir"]
[Result "1-0"]
[WhiteElo "2502"]
[BlackElo "2529"]
[PlyCount "145"]
[EventDate "2015.06.06"]
[EventType "swiss"]
[EventRounds "9"]
[EventCountry "ITA"]
[SourceTitle "CBM 166 Extra"]
[Source "ChessBase"]
[SourceDate "2015.06.18"]
[SourceVersion "1"]
[SourceVersionDate "2015.06.18"]
[SourceQuality "1"]

1. d4 d5 2. c4 c6 3. Nf3 Nf6 4. Nbd2 g6 5. e3 Bg7 6. Be2 0-0 7. 0-0 Nbd7 8. Qc2 b6 9. e4 dxe4 10. Nxe4 Qc7 11. Nxf6+ Nxf6 12. Ne5 Bf5 13. Qa4 Rac8 14. Bf4 b5 15. Qa3 Qb6 16. Rfd1 bxc4 17. Nxc4 Qb7 18. Na5 Qb6 19. Nc4 Qb7 20. Na5 Qb6 21. Rac1 Nd5 22. Bg3 Rfd8 23. Rc4 Bf8 24. Rc5 e6 25. Nc4 Bxc5 26. dxc5 Qb4 27. Qxb4 Nxb4 28. Nd6 Ra8 29. a3 Nd5 30. Nb7 Re8 31. Na5 Bc2 32. Rc1 Ba4 33. Ba6 e5 34. b3 Bb5 35. Bb7 Rad8 36. h3 Nf4 37. Bxf4 exf4 38. a4 Be2 39. Bxc6 Re5 40. b4 Rd1+ 41. Rxd1 Bxd1 42. Nc4 Re1+ 43. Kh2 Bb3 44. Nd6 Kf8 45. a5 Ra1 46. Bb7 Ra4 47. c6 Rxb4 48. c7 Be6 49. a6 Ke7 50. c8Q Bxc8 51. Nxc8+ Kd8 52. Nxa7 Kc7 53. Nc8 Ra4 54. Ne7 g5 55. Nd5+ Kb8 56. Nf6 h6 57. Ng4 h5 58. Nh6 f6 59. Ng8 f5 60. Ne7 Ra2 61. Nxf5 Rxf2 62. Bf3 Ra2 63. Bxh5 Rxa6 64. h4 gxh4 65. Kh3 Kc7 66. Kxh4 Kd7 67. Kg5 Ra4 68. Bf3 Ke6 69. Nh4 Ke5 70. Ng6+ Kd4 71. Kxf4 Ra6 72. Nh4 Rf6+ 73. Nf5+ 1-0

[Event "Reykjavik op"]
[Site "Reykjavik"]
[Date "2015.03.18"]
[Round "10"]
[White "Hauge, Lars Oskar"]
[Black "Rombaldoni, Axel"]
[Result "0-1"]
[WhiteElo "2380"]
[BlackElo "2488"]
[PlyCount "64"]
[EventDate "2015.03.10"]
[EventType "swiss"]
[EventRounds "10"]
[EventCountry "ISL"]
[SourceTitle "CBM 165 Extra"]
[Source "ChessBase"]
[SourceDate "2015.04.21"]
[SourceVersion "1"]
[SourceVersionDate "2015.04.21"]
[SourceQuality "1"]

1. d4 Nf6 2. Nc3 d5 3. Bg5 e6 4. e4 Be7 5. e5 Nfd7 6. h4 h6 7. Bxe7 Qxe7 8. Qg4 0-0 9. 0-0-0 c5 10. f4 cxd4 11. Nb5 Nc6 12. Nxd4 Nxd4 13. Rxd4 Nc5 14. Bd3 f5 15. exf6 Qxf6 16. Qd1 Nxd3+ 17. Qxd3 e5 18. fxe5 Qf2 19. Ne2 Bf5 20. Qd2 Qxg2 21. Re1 Be4 22. Qb4 Rac8 23. c3 Rf1 24. Rdd1 Rxe1 25. Rxe1 Qf2 26. Kd2 Rf8 27. Qd4 Qxh4 28. Qxa7 Qh3 29. Qe3 Rf3 30. Qc5 Rd3+ 31. Kc1 Rd2 32. Qc8+ Qxc8 0-1